000 00444nam a2200181Ia 4500
001 11040
005 20260306161917.0
008 260306t1997||||xx |||||||||||||| ||spa||
041 _aESP
082 _aS 985.0011
_bP66
100 _aPlanas, Pedro
_eAUT
245 0 _aEl pensamiento social de Victor Andrés Belaunde
260 _c1997
300 _a183 páginas :
_c20 cm.
650 _aGEN
654 _aCHU
942 _cLIB
_dJUS
_fJUS
_2ddc
_n
999 _c11040
_d11040